000
00288nam a2200133Ia 4500
999
_c
14079
_d
14079
003
OSt
005
20260413150226.0
008
260210s9999 xx 000 0 und d
020
_a
9788499362472
100
_a
FKG
245
0
_a
500 Tricks Accessories
260
_b
FKG
942
_c
BDES
_2
ddc